01988nam a2200325 a 450000100100000000500170001000800410002702000180006804000250008624501290011126000400024030000240028049000260030450501220033059000260045270000380047870000330051671000550054983000330060495201140063795201140075195201140086595201080097995201140108795201080120195201080130995201140141795201140153199900170164500004699720201002053255.0180410s2014 dr a r 000 0 spa d a9789945118971 aDO-SdBNPbspacBNPHU00aCiencias naturales 2 :beducación primaria /ctexto Ángela Segura de Óleo... [et. al] ; Ilustración Ruddy Núñez. aSanto Domingo :bSantillana,c2014. av. :bil. ;c28 cm.1 aProyecto todos juntos0 gv. 1.tLibro texto --gv. 2.tGuía didáctica recursos para el profesor --gv. 3.tCuaderno fichas de actividades. aInventariado, 2018/VM1 aSegura de Óleo, Ángela97487912aNúñez, Ruddyeil.9231712 aEdirial Santillana (República Dominicana)974880 0aProyecto todos juntos930856 0010718PDaGRbGRcHDd2018-04-11iLF1l0ov. 1, e. 3p46997-30r2020-06-25w2020-06-25yLFPDZNo se presta 0010718PDaGRbGRcHDd2018-12-18iLF1l0ov. 2, e. 3p46997-40r2020-06-25w2020-06-25yLFPDZNo se presta 0010718PDaGRbGRcHDd2018-12-18iLF1l0ov. 3, e. 3p46997-50r2020-06-25w2020-06-25yLFPDZNo se presta 0010718PDaPDbPDcHDd2018-04-11iLF1l0ov. 1p46997-10r2020-06-25w2020-06-25yLFPDZNo se presta 0010718PDaPDbPDcHDd2018-04-11iLF1l0ov. 1, e. 2p46997-20r2020-06-25w2020-06-25yLFPDZNo se presta 0010718PDaPDbPDcHDd2018-12-18iLF1l0ov. 2p46997-60r2020-06-25w2020-06-25yLFPDZNo se presta 0010718PDaPDbPDcHDd2018-12-18iLF1l0ov. 3p46997-70r2020-06-25w2020-06-25yLFPDZNo se presta 0010718PDaPDbPDcHDd2018-12-18iLF1l0ov. 2, e. 2p46997-80r2020-06-25w2020-06-25yLFPDZNo se presta 0010718PDaPDbPDcHDd2018-12-18iLF1l0ov. 3, e. 2p46997-90r2020-06-25w2020-06-25yLFPDZNo se presta c46485d46485